000 00418nam a22001697a 4500
003 MPLRDC
005 20220104143522.0
008 210129b ||||| |||| 00| 0 eng d
082 _a867 TAG-5
100 _aRABINDRANATH TAGORE 泰戈尔
245 _a园丁集
_c吴岩译
250 _a一版一刷
260 _a
_b新文艺出版社
_c1956
300 _b
650 _a印度文学
942 _cBK
_o867 TAG-5
999 _c40700
_d40690